| 000 | 00428nam a2200181Ia 4500 | ||
|---|---|---|---|
| 008 | 230524s9999 xx 000 0 und d | ||
| 020 | _a9788126512317 | ||
| 082 |
_a5.133 _bGOO |
||
| 100 | _aDanny Goodman | ||
| 245 | 0 | _aJava Script -Bible | |
| 250 | _a5TH | ||
| 260 |
_aSINGAPORE _bJohn Wiley _c2005 |
||
| 300 | _aXXIV;1147 | ||
| 500 | _aQuantity Number: 32 | ||
| 650 | _aComp-Sc | ||
| 700 | _a M.Morrison | ||
| 942 | _cBK | ||
| 999 |
_c31270 _d31270 |
||